Modeles stochastiques

Αποθηκεύτηκε σε:
Λεπτομέρειες βιβλιογραφικής εγγραφής
Κύριος συγγραφέας: Iosifiscu, Marius
Άλλοι συγγραφείς: Λημνιός, Νικόλαος, Oprisan, Gheorghe
Μορφή: Βιβλίο
Γλώσσα:French
Δημοσίευση: Paris : Lavoisier/Hermes-Science, c2007
Θέματα:
Ετικέτες: Προσθήκη ετικέτας
Δεν υπάρχουν, Καταχωρήστε ετικέτα πρώτοι!

MARC

LEADER 00000nam a2200000 i 4500
001 1/84716
008 080513s2007 fre d
020 |a 978-2-7462-1611-2 
035 |l 10097249 
040 |a GR-MY-UA  |b gre  |e aacr 
041 0 |a fre 
082 0 |a 519.233  |2 (22) 
100 1 |a Iosifiscu, Marius. 
245 1 0 |a Modeles stochastiques /  |c Marius Iosifescu, Nikolaos Limnios, Gherghe Oprisan 
260 |a Paris :   |b Lavoisier/Hermes-Science,   |c c2007 
300 |a 332 σ.;  |c 24 εκ. 
500 |a Collection methodes stochastiques appliquees dirigee par Nikolaos Limnios et Jacques Janseen 
504 |a Περιλαμβάνει βιβλιογραφικές παραπομπές και ευρετήριο 
650 0 0 |a Stochastic processes. 
650 0 0 |a Markov processes. 
700 1 |a Λημνιός, Νικόλαος. 
700 0 |a Oprisan, Gheorghe. 
852 |a INST  |b CHIOS  |e 20080513  |h 519.233 IOS  |p 005200027277  |q 005200027277  |t BK  |y 0 
901 |a BIBL2-2008-2 
909 |a Χ  |b 152624 
922 |a 2ΕΛΗ  |b 200803  |c ΕΠΕΑΕΚ2/ΤΜΟΔ  |d ΕΛΕΥΘΕΡΟΥΔΑΚΗΣ 
970 |a ΒΑΣΙΛΑΚΗ  |b ΝΙΚΗ  |z 2008/05/13